Vista normal
Vista MARC
Entrada Topical Term
Número de registros utilizados en: 1
001 - CONTROL NUMBER
- control field: 2001
003 - CONTROL NUMBER IDENTIFIER
- control field: OSt
005 - DATE AND TIME OF LATEST TRANSACTION
- control field: 20200326172551.0
008 - FIXED-LENGTH DATA ELEMENTS
- fixed length control field: 200326|| aca||aabn | a|a d
040 ## - CATALOGING SOURCE
- Original cataloging agency: OSt
- Transcribing agency: OSt
150 ## - HEADING--TOPICAL TERM
- Topical term or geographic name entry element: Legitimidad de los gobiernos
670 ## - SOURCE DATA FOUND
- Source citation: Work cat.: (OSt)5108: Posada Carbó, Eduardo, autor 1999, Ilegitimidad del estado en Colombia : , 2003